Negocio e intercambio cultural: el comercio de libros con América en la Carrera de Indias -siglo XVII-
Gespeichert in:
| 1. Verfasser: | |
|---|---|
| Format: | Buch |
| Sprache: | Spanisch |
| Veröffentlicht: |
Sevilla
Diputación de Sevilla
2005
Sevilla Universidad de Sevilla 2005 Sevilla Consejo Superior de Investigaciones Científicas 2005 |
| Ausgabe: | 1a. ed |
| Schlagworte: | |
| Tags: |
Tag hinzufügen
Keine Tags, Fügen Sie den ersten Tag hinzu!
|
MARC
| LEADER | 00000cam a2200000 a 4500 | ||
|---|---|---|---|
| 001 | UCD7200 | ||
| 003 | CL-VaPUC | ||
| 008 | 170309e20050000sp |||||||||||||||||spa|d | ||
| 020 | |a 8447208265 | ||
| 020 | |a 8400083083 | ||
| 020 | |a 8477982074 | ||
| 082 | 0 | 4 | |a 340.53 |b RUE |2 21 |
| 100 | 0 | |a Rueda Ramírez, Pedro J |e author |9 591118 | |
| 245 | 1 | 0 | |a Negocio e intercambio cultural: el comercio de libros con América en la Carrera de Indias -siglo XVII- |
| 250 | |a 1a. ed | ||
| 300 | |a 524 p | ||
| 942 | |c BK | ||
| 945 | |d 20170309 22:28:00 |a arojas | ||
| 260 | |a Sevilla |b Diputación de Sevilla |c 2005 | ||
| 260 | |a Sevilla |b Universidad de Sevilla |c 2005 | ||
| 260 | |a Sevilla |b Consejo Superior de Investigaciones Científicas |c 2005 | ||
| 650 | 0 | |a Historia del derecho |9 255109 | |
| 650 | 7 | |a INTERCAMBIO CULTURAL |2 CL-VaPUC |9 591119 | |
| 650 | 0 | |a Comercio |9 255341 | |
| 650 | 0 | |a Fuentes del derecho |9 255162 | |
| 650 | 0 | |a Derecho Indiano |9 256266 | |
| 583 | |a last modification |c 20170309 22:28:00 |k Rodrigo Vera | ||
| 999 | |c 367270 |d 367268 | ||
| 952 | |0 0 |1 0 |3 erb |4 0 |6 340_530000000000000_RUE_2005_2005_2005 |7 0 |8 DER_HDC |9 482073 |a BIBDER |b BIBDER |i 5364345 |o 340.53 RUE 2005 2005 2005 |p 5364345 |r 2023-01-25 |w 2019-11-24 |x Ubicación 4to Piso |y BK |z Estos recursos deben solicitarse con anticipación |k DER | ||